Countries in which Pink Floyd Played Concerts - Statistics

General Stats
  • This quiz has been taken 385 times
  • The average score is 20 of 24
Answer Stats
Shows Country % Correct
348 United States
100%
535 United Kingdom
99%
66 Germany
96%
38 Canada
94%
76 France
94%
25 Italy
94%
4 Spain
90%
17 Japan
87%
2 Mexico
87%
5 Russia
86%
23 Australia
83%
9 Sweden
83%
3 Norway
82%
2 Portugal
79%
41 Netherlands
78%
6 Austria
77%
1 Ireland
76%
15 Switzerland
74%
22 Belgium
73%
13 Denmark
73%
1 Finland
73%
1 New Zealand
70%
1 Greece
67%
1 Czechia
49%
No matching quizzes found
Score Distribution
Percent of People with Each Score
Percentile by Number Answered
Your Score History
You have not taken this quiz